Entrepreneurship : (Record no. 3397)

MARC details
000 -LEADER
fixed length control field 01030cam a2200289 a 4500
001 - CONTROL NUMBER
control field 1123548
003 - CONTROL NUMBER IDENTIFIER
control field OSt
005 - DATE AND TIME OF LATEST TRANSACTION
control field 20160331185705.0
008 - FIXED-LENGTH DATA ELEMENTS--GENERAL INFORMATION
fixed length control field 940315s1995 ilua b 001 0 eng
010 ## - LIBRARY OF CONGRESS CONTROL NUMBER
LC control number 94009055
020 ## - INTERNATIONAL STANDARD BOOK NUMBER
International Standard Book Number 0256141479 (acid-free recycled paper)
040 ## - CATALOGING SOURCE
Original cataloging agency DLC
Transcribing agency DLC
Modifying agency DLC
050 00 - LIBRARY OF CONGRESS CALL NUMBER
Classification number HD62.5
Item number .H577 1995
082 00 - DEWEY DECIMAL CLASSIFICATION NUMBER
Classification number 658.4
Edition number 20
Item number HIS 1995
100 1# - MAIN ENTRY--PERSONAL NAME
Personal name Hisrich, Robert D.
9 (RLIN) 7578
245 10 - TITLE STATEMENT
Title Entrepreneurship :
Remainder of title starting, developing, and managing a new enterprise /
Statement of responsibility, etc. Robert D. Hisrich, Michael P. Peters.
250 ## - EDITION STATEMENT
Edition statement 3rd ed.
260 ## - PUBLICATION, DISTRIBUTION, ETC. (IMPRINT)
Place of publication, distribution, etc. Chicago :
Name of publisher, distributor, etc. Irwin,
Date of publication, distribution, etc. 1995.
300 ## - PHYSICAL DESCRIPTION
Extent xx, 650 p. :
Other physical details ill. ;
Dimensions 25 cm.
504 ## - BIBLIOGRAPHY, ETC. NOTE
Bibliography, etc Includes bibliographical references and index.
650 #0 - SUBJECT ADDED ENTRY--TOPICAL TERM
Topical term or geographic name as entry element New business enterprises
General subdivision Management.
9 (RLIN) 7579
650 #0 - SUBJECT ADDED ENTRY--TOPICAL TERM
Topical term or geographic name as entry element Entrepreneurship.
9 (RLIN) 6831
700 1# - ADDED ENTRY--PERSONAL NAME
Personal name Peters, Michael P.
9 (RLIN) 7580
906 ## - LOCAL DATA ELEMENT F, LDF (RLIN)
a 7
b cbc
c orignew
d 1
e ocip
f 19
g y-gencatlg
942 ## - ADDED ENTRY ELEMENTS (KOHA)
Source of classification or shelving scheme Dewey Decimal Classification
Koha item type Short Loan
Holdings
Withdrawn status Lost status Source of classification or shelving scheme Damaged status Not for loan Home library Current library Date acquired Inventory number Total Checkouts Full call number Barcode Date last seen Price effective from Koha item type
    Dewey Decimal Classification     MUST Main Library MUST Main Library 31/03/2016 2001/15739   658.4 HIS 1995 2016-0609 31/03/2016 31/03/2016 Short Loan